Responses for Show #3271 - Monday, November 23, 1998

Contestants

[<< previous game]

Chris Sedlack, a graduate student from Ithaca, New York

Adriana Bate, an office manager from New Orleans, Louisiana

Harry Silverstein, a marketing executive from New York City, New York (whose 2-day cash winnings total $11,601)

[next game >>]

Jeopardy! Round responses

THE LONE STAR STATE
(Alex: Guess which state that is?)
NAME THE MOVIE
SINGERS
BUSINESS TERMS
IT'S A JUNGLE OUT THERE
GIMME AN "F"
    $100 2
(Chris: What is Spain?)

Mexico

AdrianaChris
    $100 1
The Godfather

Adriana
    $100 14
Wynonna

Harry
    $100 15
Coupons

Harry
    $100 24
Machete

Adriana
    $100 6
Flake

Harry
    $200 3
Big Bend National Park

Triple Stumper
    $200 7
Apollo 13

Harry
    $200 17
Aretha Franklin

Harry
    $200 16
Bailout

Adriana
    $200 30
(Chris: What is a python?)

an anaconda

HarryChris
    $200 12
Flower girl

Adriana
    $500 4
George W. Bush (Governor of Texas)

Adriana
    $300 8
Dracula

Adriana
    $300 19
Whitney Houston

Adriana
    $300 18
Holding Company

Adriana
    $300 29
Amazon

Adriana
    $300 13
Fingerpainting

Adriana
    $400 5
John Nance Garner

Chris
    $400 9
The Wizard Of Oz

Adriana
    $400 20
Tony Orlando & Wayne Newton

Triple Stumper
    $400 22
Mark-up

Harry
    $400 26
(Alex: Less than a minute.)

canopy

Harry
    $400 25
Fractured

Harry
    $500 11
(Harry: What is Padre Island?)

Galveston Island

Harry
Triple Stumper
    $500 10
(Alex: Got by Harry, Yes!)

Dirty Harry

Harry
    $500 21
Gloria Estefan

Harry
    $500 23
Robots

Triple Stumper
    $500 28
Angkor Wat

Chris
    $500 27
Fog

Adriana

Scores at the first commercial break (after clue 13):

Harry Adriana Chris
$300 $1,900 $300

Scores at the end of the Jeopardy! Round:

Harry Adriana Chris
$2,600 $3,600 $600

Double Jeopardy! Round responses

THE SPANISH-AMERICAN WAR
STAGE ACTORS
FOR HE'S A JOLLY LONGFELLOW
MANY LOVES
ADOBE
GILLIS
    $200 22
The Maine

Harry
    $200 11
Quentin Tarantino

Harry
    $200 17
Hiawatha

Harry
    $200 3
(Harry: What is love of the Bible?)

love of books

HarryChris
    $200 1
Bricks

Chris
    $200 12
William Holden

Adriana
    $400 23
Frederic Remington

Adriana
    $400 18
Jack Klugman & Tony Randall

Chris
    $400 27
The Canterbury Tales

Adriana
    $400 4
[The back of the $100 bill was shown.]
(Adriana: What is Philadelphia?)

"The City of Brotherly Love"

AdrianaChris
    $400 2
Pueblo

Harry
    $400 13
Chester Riley

Adriana
    $600 24
William McKinley

Triple Stumper
    $600 19
Alan Alda

Adriana
    $600 30
Evangeline

Adriana
    $600 6
(Harry: What is magic?)

love at first sight

Harry
Triple Stumper
    $600 5
Masons

Chris
    $600 14
"Baby Face" Nelson

Triple Stumper
    $3,000 25
(Adriana: Who is Byrd?)
...
(Alex: We have a minute left.)

George Dewey

Adriana
    $800 20
Cat On A Hot Tin Roof

Adriana
    $800 29
(Chris: Who is Kipling?)

Nathaniel Hawthorne

AdrianaChris
    $800 9
Courtly Love

Adriana
    $800 7
(Adriana: What is a temple?)

a mosque

Adriana
Triple Stumper
    $800 15
Night Ranger

Harry
    $1000 26
(Harry: What is an embargo?)

a blockade

Harry
Triple Stumper
    $3,000 21
The Fantasticks

Adriana
    $1000 28
(Adriana: What is Colby?)

Bowdoin College

HarryAdriana
    $1000 10
Speak its name

Chris
    $1000 8
Bedouins

Adriana
    $1000 16
Arturo Toscanini

Adriana

Scores at the end of the Double Jeopardy! Round:

Harry Adriana Chris
$3,600 $8,400 $2,600
(lock game)

[wagering suggestions for these scores]

Final Jeopardy! Round responses

FAMOUS NAMES
(Alex: He would have been 70 years old this year.)
ChrisWho is Andy Warhol?
$1,001
HarryWho is Leonard Bernstein?
$1,601
AdrianaWho is Nixon?
$1,000
Andy Warhol

Final scores:

Harry Adriana Chris
$1,999 $7,400 $3,601
3rd place: Pair of Croton Watches New champion: $7,400 2nd place: Daewoo Color TV & VCR; Prologue Speaker System & Broyhill Entertainment Armoire

Game dynamics:

Coryat scores:

Harry Adriana Chris
$3,600 $9,200 $2,600
17 R,
4 W
25 R
(including 2 DDs),
4 W
(including 1 DD)
8 R,
3 W

Combined Coryat: $15,400

[game clues] [game scores] [suggest correction]

Game tape date: 1998-10-06
The J! Archive is created by fans, for fans. Scraping, republication, monetization, and malicious use prohibited; this site may use cookies and collect identifying information. See terms. The Jeopardy! game show and all elements thereof, including but not limited to copyright and trademark thereto, are the property of Jeopardy Productions, Inc. and are protected under law. This website is not affiliated with, sponsored by, or operated by Jeopardy Productions, Inc. Join the discussion at JBoard.tv.